Information assurance and security 1 & 2 / (Record no. 81827)
[ view plain ]
| 000 -LEADER | |
|---|---|
| fixed length control field | 01296nam a22003497a 4500 |
| 003 - CONTROL NUMBER IDENTIFIER | |
| control field | URS |
| 005 - DATE AND TIME OF LATEST TRANSACTION | |
| control field | 20250113180814.0 |
| 008 - FIXED-LENGTH DATA ELEMENTS--GENERAL INFORMATION | |
| fixed length control field | 250113b |||||||| |||| 00| 0 eng d |
| 020 ## - INTERNATIONAL STANDARD BOOK NUMBER | |
| International Standard Book Number | 978-971-9655-03-9 |
| 040 ## - CATALOGING SOURCE | |
| Language of cataloging | English |
| Transcribing agency | URS |
| Description conventions | rda |
| 050 ## - LIBRARY OF CONGRESS CALL NUMBER | |
| Classification number | QA76.9 |
| Item number | .In3 2022 |
| 100 ## - MAIN ENTRY--PERSONAL NAME | |
| Personal name | Abante, Marmelo V., |
| Relator term | author. |
| 9 (RLIN) | 1454 |
| 245 ## - TITLE STATEMENT | |
| Title | Information assurance and security 1 & 2 / |
| Statement of responsibility, etc | Marmelo Abante...[ and eight others]. |
| 260 ## - PUBLICATION, DISTRIBUTION, ETC. (IMPRINT) | |
| Place of publication, distribution, etc | Intramuros, Manila : |
| Name of publisher, distributor, etc | Mindshapers Co., Inc., |
| Date of publication, distribution, etc | ©2022. |
| 300 ## - PHYSICAL DESCRIPTION | |
| Extent | vi, 512 pages : |
| Other physical details | illustrations ; |
| Dimensions | 25 cm. |
| 336 ## - CONTENT TYPE | |
| Content type term | text |
| Content type code | txt |
| Source | rdacontent |
| 337 ## - MEDIA TYPE | |
| Media type term | unmediated |
| Media type code | n |
| Source | rdamedia |
| 338 ## - CARRIER TYPE | |
| Carrier type term | volume |
| Carrier type code | nc |
| Source | rdacarrier |
| 504 ## - BIBLIOGRAPHY, ETC. NOTE | |
| Bibliography, etc | Includes bibliography and index. |
| 650 #0 - SUBJECT ADDED ENTRY--TOPICAL TERM | |
| Topical term or geographic name as entry element | Computer security |
| General subdivision | Congresses. |
| 9 (RLIN) | 6148 |
| 650 #0 - SUBJECT ADDED ENTRY--TOPICAL TERM | |
| Topical term or geographic name as entry element | Data protection |
| General subdivision | Congresses. |
| 9 (RLIN) | 6149 |
| 650 #0 - SUBJECT ADDED ENTRY--TOPICAL TERM | |
| Topical term or geographic name as entry element | Computer networks |
| Form subdivision | Security measures |
| General subdivision | Congresses. |
| 9 (RLIN) | 6150 |
| 700 ## - ADDED ENTRY--PERSONAL NAME | |
| Personal name | Lansigan, Rolando, |
| Relator term | author. |
| 9 (RLIN) | 6151 |
| 700 ## - ADDED ENTRY--PERSONAL NAME | |
| Personal name | Joyosa, Alvin Dale, |
| Relator term | author. |
| 9 (RLIN) | 6152 |
| 700 ## - ADDED ENTRY--PERSONAL NAME | |
| Personal name | Tomas Jr., Wilfredo, |
| Relator term | author. |
| 9 (RLIN) | 6153 |
| 700 ## - ADDED ENTRY--PERSONAL NAME | |
| Personal name | Delos Trinos, Mary Joy, |
| Relator term | author. |
| 9 (RLIN) | 6154 |
| 700 ## - ADDED ENTRY--PERSONAL NAME | |
| Personal name | Tadeo, Rejan L., |
| Relator term | author. |
| 9 (RLIN) | 6103 |
| 700 ## - ADDED ENTRY--PERSONAL NAME | |
| Personal name | Anuevo, Alain, |
| Relator term | author. |
| 9 (RLIN) | 6155 |
| 700 ## - ADDED ENTRY--PERSONAL NAME | |
| Personal name | Gongora, Jerald, |
| Relator term | author. |
| 9 (RLIN) | 6156 |
| 700 ## - ADDED ENTRY--PERSONAL NAME | |
| Personal name | Lacorte, Alice M., |
| Relator term | author. |
| 9 (RLIN) | 6097 |
| 942 ## - ADDED ENTRY ELEMENTS (KOHA) | |
| Source of classification or shelving scheme | Library of Congress Classification |
| Koha item type | Filipiniana |
| Withdrawn status | Lost status | Source of classification or shelving scheme | Damaged status | Not for loan | Collection code | Home library | Current library | Shelving location | Date acquired | Source of acquisition | Total Checkouts | Full call number | Barcode | Date last seen | Copy number | Koha item type |
|---|---|---|---|---|---|---|---|---|---|---|---|---|---|---|---|---|
| Library of Congress Classification | Non-fiction | Taytay College Library | Taytay College Library | Filipiniana Section | 12/12/2024 | Purchased | QA76.9 .In3 2022 | URSTAY-5650 | 06/03/2025 | 1 | Filipiniana | |||||
| Library of Congress Classification | Non-fiction | Taytay College Library | Taytay College Library | Filipiniana Section | 12/12/2024 | Purchased | QA76.9 .In3 2022 | URSTAY-5651 | 06/03/2025 | 2 | Filipiniana |